| 000 | 00458nam a22001457a 4500 | ||
|---|---|---|---|
| 020 | _a9781260473438 | ||
| 082 |
_a616.3 _bGRE |
||
| 245 |
_aGreenberger's Current Diagnosis & Treatment : _bGastroenterology, Hepatology, & Endoscopy / |
||
| 250 | _a4th Edition. | ||
| 260 |
_aNew York : _bMcGraw-Hill Education, _c2022. |
||
| 300 |
_a687 p. ; _bill, _c23 cm. |
||
| 563 | _aPBK. | ||
| 650 |
_aDigestive organs |x _xDiseases _xDiagnosis _9114301 |
||
| 942 |
_2ddc _cBK |
||
| 999 |
_c595666 _d595666 |
||